Statistics for People with Cardinal Direction Names

Click here to take the quiz!

General Stats

  • This quiz has been taken 86 times
  • The average score is 5 of 12

Answer Stats

LifeHintAnswer% Correct
1930–Acclaimed director; star of Dirty Harry and Million Dollar BabyClint Eastwood
76%
1977–Influential hip hop artist with 2004 debut The College DropoutKanye West
74%
1928–2017Played Batman in the 1960sAdam West
73%
1893–1980My Little Chickadee actress, a controversial sex symbolMae West
59%
1943–Famously testified during the Iran-Contra affairOliver North
51%
1854–1932Founded Kodak in Rochester, NYGeorge Eastman
43%
1964–Wrote American Psycho and Less Than ZeroBret Easton Ellis
28%
1846–1914Developed alternating current (in competition with Edison)George Westinghouse
20%
1914–2005Commander of US forces during the Vietnam War (1964–1968)William Westmoreland
20%
1951–Played the character Dennis the Menace (1959–1963)Jay North
19%
1957–Canadian retired pornographic actor of 2588 filmsPeter North
14%
1940–2012Songwriter: "Games People Play" and "Walk a Mile in My Shoes"Joe South
13%

Score Distribution

Percentile by Number Answered

Percent of People with Each Score

Your Score History

You have not taken this quiz